[Event "AUT-ch U14 Girls"]
[Site "Woerth"]
[Date "2014.06.07"]
[Round "1"]
[White "Peraus, Natalie"]
[Black "Mundstein, Alina"]
[Result "0-1"]
[WhiteElo "1181"]
[BlackElo "1382"]
[PlyCount "76"]
[EventDate "2014.06.07"]
[EventType "swiss"]
[EventRounds "7"]
[EventCountry "AUT"]
[SourceTitle "EXT 2016"]
[Source "ChessBase"]
[SourceDate "2015.10.08"]
[SourceVersion "1"]
[SourceVersionDate "2015.10.08"]
[SourceQuality "1"]

1. c4 e5 2. Nc3 Nf6 3. g3 Nc6 4. Bg2 d6 5. e4 Be6 6. d3 Qd7 7. Be3 Ng4 8. Qd2 f5 9. Nge2 g6 10. 0-0 0-0-0 11. h3 Nxe3 12. Qxe3 fxe4 13. Qxe4 Bxh3 14. Nd5 Bg7 15. Qh4 Bxg2 16. Kxg2 Qf5 17. Rad1 Rdf8 18. Ng1 Kb8 19. Qh3 Qf7 20. Kh2 Nd4 21. Qg4 h5 22. Qh4 Nf5 23. Qe4 h4 24. Kg2 g5 25. Nh3 hxg3 26. fxg3 Qh5 27. Rh1 Qg6 28. Rc1 g4 29. Nf2 Qf7 30. Nxg4 Nd4 31. Rhf1 Qh5 32. Rh1 Qg5 33. Rxh8 Qd2+ 34. Kg1 Qxc1+ 35. Kg2 Qf1+ 36. Kh2 Rxh8+ 37. Nh6 Rxh6+ 38. Qh4 Nf3# 0-1

[Event "AUT-ch U12 Girls"]
[Site "Linz"]
[Date "2013.05.21"]
[Round "7"]
[White "Peraus, Natalie"]
[Black "Fuerst, Gloria"]
[Result "1-0"]
[WhiteElo "1007"]
[BlackElo "1089"]
[PlyCount "69"]
[EventDate "2013.05.18"]
[EventType "swiss"]
[EventRounds "7"]
[EventCountry "AUT"]
[SourceTitle "EXT 2015"]
[Source "ChessBase"]
[SourceDate "2014.11.20"]
[SourceVersion "1"]
[SourceVersionDate "2014.11.20"]
[SourceQuality "1"]

1. e4 e5 2. Nf3 Nc6 3. Bc4 Bc5 4. c3 Qe7 5. 0-0 d6 6. d3 Bd7 7. Bg5 Nf6 8. d4 Bb6 9. d5 Na5 10. Nbd2 h6 11. Bh4 0-0 12. Qe2 Nxc4 13. Nxc4 Bb5 14. b3 c6 15. a4 Bxc4 16. Qxc4 Rac8 17. a5 Bd8 18. a6 cxd5 19. Qxc8 bxa6 20. exd5 e4 21. Nd4 Qe5 22. Nc6 Qe8 23. Rxa6 Bb6 24. Qxe8 Rxe8 25. Bxf6 gxf6 26. Nxa7 Rb8 27. Nc6 Rb7 28. Ne7+ Kf8 29. Nc8 Bc7 30. Nxd6 Rxb3 31. Nxe4 Be5 32. Rd1 Kg7 33. d6 f5 34. d7 fxe4 35. d8Q 1-0